000
00330nam a2200133Ia 4500
008
240624s9999 xx 000 0 und d
041
_a
eng
082
_a
413 MAR
100
_a
MARSHALL JOHN F
245
_a
DICTIONARY OF FINANCIAL ENGINEERING
260
_c
2000
_a
New York
_b
John Wiley and Sons
300
_a
304 : p.
365
_c
999
_c
15354
_d
15354